[Event "Hessenliga 1819"]
[Site "Hessen"]
[Date "2019.02.03"]
[Round "5.7"]
[White "Uhl, Michael"]
[Black "Dietzen, Corinna"]
[Result "0-1"]
[WhiteElo "2121"]
[BlackElo "2000"]
[PlyCount "80"]
[EventDate "2018.09.23"]
[EventType "team-tourn"]
[EventRounds "9"]
[EventCountry "GER"]
[SourceTitle "EXT 2020"]
[Source "ChessBase"]
[SourceDate "2019.10.17"]
[SourceVersion "1"]
[SourceVersionDate "2019.10.17"]
[SourceQuality "1"]
[WhiteTeam "Bensheim"]
[BlackTeam "Frankfurt TV"]
[WhiteTeamCountry "GER"]
[BlackTeamCountry "GER"]

1. e4 d6 2. Nc3 Nf6 3. g3 e5 4. Bg2 Nc6 5. d3 Be7 6. f4 exf4 7. Bxf4 Bg4 8. Qd2 Qd7 9. d4 0-0-0 10. h3 Bh5 11. g4 Bg6 12. 0-0-0 d5 13. e5 Ne4 14. Nxe4 dxe4 15. Ne2 Qd5 16. Nc3 Qxd4 17. Qe2 Qc5 18. Bxe4 Nd4 19. Qg2 Bxe4 20. Qxe4 Ne6 21. Be3 Qxe3+ 22. Qxe3 Bg5 23. Qxg5 Nxg5 24. Rdf1 Rd7 25. Rf5 Ne6 26. Rhf1 Rf8 27. Ne2 Kd8 28. Rd1 Rxd1+ 29. Kxd1 Ke7 30. Kd2 Rd8+ 31. Ke3 Rd5 32. c4 Rc5 33. Nc3 Rxc4 34. Kd3 Rd4+ 35. Ke3 Rd7 36. Rh5 h6 37. h4 Nc5 38. g5 hxg5 39. Rxg5 g6 40. b4 Rd3+ 0-1

[Event "BL2 Sued 1819 (Women)"]
[Site "Germany"]
[Date "2018.12.09"]
[Round "5.2"]
[White "Hund, Barbara"]
[Black "Dietzen, Corinna"]
[Result "1/2-1/2"]
[WhiteElo "2123"]
[BlackElo "2000"]
[PlyCount "147"]
[EventDate "2018.10.27"]
[EventType "team-tourn"]
[EventRounds "7"]
[EventCountry "GER"]
[SourceTitle "CBM 190 Extra"]
[Source "ChessBase"]
[SourceDate "2019.07.15"]
[SourceVersion "1"]
[SourceVersionDate "2019.07.15"]
[SourceQuality "1"]
[WhiteTeam "Freiburg Zaehringen (W)"]
[BlackTeam "Wadgassen/Differten (W)"]
[WhiteTeamCountry "GER"]
[BlackTeamCountry "GER"]

1. e4 d6 2. d4 Nf6 3. Nc3 Nbd7 4. Bc4 e5 5. Nf3 Be7 6. 0-0 0-0 7. a4 c6 8. dxe5 dxe5 9. a5 Qc7 10. Bg5 Nc5 11. Qe2 Bg4 12. h3 Bd7 13. Nh4 Ne6 14. Bxe6 Bxe6 15. Nf5 Bxf5 16. exf5 Nd5 17. Bd2 Nb4 18. Be3 Qc8 19. g4 Rd8 20. Ne4 Nd5 21. Rfd1 Qc7 22. Bd2 Nf6 23. Bc3 Rd5 24. Nd2 Rad8 25. Nc4 e4 26. Ne3 Rxd1+ 27. Rxd1 Qf4 28. Ng2 Qh6 29. Rxd8+ Bxd8 30. h4 Qc1+ 31. Ne1 Qf4 32. Ng2 Qxg4 33. Qd2 Nd5 34. Be5 Bxh4 35. c4 e3 36. fxe3 Qxc4 37. Bd4 Bg5 38. Bxa7 Qe4 39. Qf2 Ne7 40. Qd2 Nd5 41. Qf2 h5 42. Qg3 Qxf5 43. e4 Bf4 44. Qe1 Qh3 45. exd5 Bh2+ 46. Kf1 Qf3+ 47. Bf2 cxd5 48. Qe2 Qf5 49. Qd2 Bg3 50. Ne3 Qh3+ 51. Ke2 Qh2 52. Nd1 Qg2 53. Qe3 h4 54. Qe8+ Kh7 55. Qxf7 Qe4+ 56. Ne3 d4 57. Qh5+ Kg8 58. Qd5+ Qxd5 59. Nxd5 d3+ 60. Kf3 d2 61. Ne3 Be5 62. Nd1 g5 63. Kg4 Bf6 64. b4 Bd8 65. Be3 Kf7 66. Bxd2 Ke6 67. Nc3 Kd7 68. Ne4 Kc6 69. Nc5 Be7 70. Ne6 Kb5 71. Nc7+ Kc6 72. Ne6 Kb5 73. Nd4+ Kc4 74. Ne6 1/2-1/2

[Event "BL2 Sued 1819 (Women)"]
[Site "Germany"]
[Date "2018.10.27"]
[Round "1.2"]
[White "Blanter, Sofya"]
[Black "Dietzen, Corinna"]
[Result "0-1"]
[WhiteElo "1756"]
[BlackElo "2000"]
[PlyCount "64"]
[EventDate "2018.10.27"]
[EventType "team-tourn"]
[EventRounds "7"]
[EventCountry "GER"]
[SourceTitle "CBM 190 Extra"]
[Source "ChessBase"]
[SourceDate "2019.07.15"]
[SourceVersion "1"]
[SourceVersionDate "2019.07.15"]
[SourceQuality "1"]
[WhiteTeam "Regensburg Bavaria (W)"]
[BlackTeam "Wadgassen/Differten (W)"]
[WhiteTeamCountry "GER"]
[BlackTeamCountry "GER"]

1. d4 d6 2. c4 Nf6 3. Nf3 Nbd7 4. Nc3 e5 5. e4 Be7 6. g3 0-0 7. Bg2 Re8 8. 0-0 exd4 9. Nxd4 Ne5 10. b3 Bg4 11. f3 Bd7 12. Bb2 Qc8 13. Qd2 Bh3 14. Rad1 Rd8 15. Nce2 Ng6 16. Bxh3 Qxh3 17. Nf5 Ne8 18. Nf4 Nxf4 19. Nxe7+ Kf8 20. Qxf4 Kxe7 21. e5 Kf8 22. Rfe1 Kg8 23. Qg5 h6 24. Qe7 Rd7 25. exd6 Rxe7 26. dxe7 Qf5 27. Rd8 Rc8 28. g4 Qxf3 29. Ba3 Qxg4+ 30. Kf1 Qf5+ 31. Kg2 Qg5+ 32. Kf1 Rxd8 0-1

[Event "BL2 Sued 1718 (Women)"]
[Site "Germany"]
[Date "2018.01.27"]
[Round "4.1"]
[White "Imnadze, Nato"]
[Black "Dietzen, Corinna"]
[Result "1-0"]
[WhiteElo "2293"]
[BlackElo "2005"]
[PlyCount "47"]
[EventDate "2017.10.14"]
[EventType "team-tourn"]
[EventRounds "7"]
[EventCountry "GER"]
[SourceTitle "EXT 2019"]
[Source "ChessBase"]
[SourceDate "2018.10.10"]
[SourceVersion "1"]
[SourceVersionDate "2018.10.10"]
[SourceQuality "1"]
[WhiteTeam "Forstenried (W)"]
[BlackTeam "Wadgassen/Differten (W)"]
[WhiteTeamCountry "GER"]
[BlackTeamCountry "GER"]

1. e4 d6 2. d4 Nf6 3. Nc3 Nbd7 4. Nf3 e5 5. Bc4 Be7 6. g4 Nxg4 7. Rg1 Nb6 8. Bb3 exd4 9. Nxd4 Bf6 10. Bf4 Qe7 11. a4 a5 12. Ndb5 Ne5 13. Be3 Nec4 14. Bxc4 Nxc4 15. Nd5 Nxe3 16. fxe3 Qxe4 17. Nxf6+ gxf6 18. Nxc7+ Kd7 19. Nd5 Kc6 20. Ra3 Qh4+ 21. Rg3 Qxh2 22. Rc3+ Kd7 23. Qf3 Rb8 24. Qf5+ 1-0

[Event "BL2 Sued 1718 (Women)"]
[Site "Germany"]
[Date "2017.10.15"]
[Round "2.1"]
[White "Birkholz, Olga"]
[Black "Dietzen, Corinna"]
[Result "1-0"]
[WhiteElo "2076"]
[BlackElo "2005"]
[PlyCount "25"]
[EventDate "2017.10.14"]
[EventType "team-tourn"]
[EventRounds "7"]
[EventCountry "GER"]
[SourceTitle "EXT 2019"]
[Source "ChessBase"]
[SourceDate "2018.10.10"]
[SourceVersion "1"]
[SourceVersionDate "2018.10.10"]
[SourceQuality "1"]
[WhiteTeam "Augsburg SG (W)"]
[BlackTeam "Wadgassen/Differten (W)"]
[WhiteTeamCountry "GER"]
[BlackTeamCountry "GER"]

1. d4 d6 2. e4 Nf6 3. Nc3 Nbd7 4. f4 e5 5. Nf3 Qe7 6. Nb5 Nb6 7. fxe5 dxe5 8. Nxe5 Nxe4 9. Qf3 Nd6 10. Be2 Be6 11. 0-0 0-0-0 12. Nxa7+ Kb8 13. Nac6+ 1-0

[Event "BL2 Sued 1617 (Women)"]
[Site "Germany"]
[Date "2017.01.21"]
[Round "3.2"]
[White "Orlova, Liubov"]
[Black "Dietzen, Corinna"]
[Result "0-1"]
[WhiteElo "1998"]
[BlackElo "1982"]
[PlyCount "76"]
[EventDate "2016.10.22"]
[EventType "team-tourn"]
[EventRounds "7"]
[EventCountry "GER"]
[SourceTitle "EXT 2018"]
[Source "ChessBase"]
[SourceDate "2017.10.13"]
[SourceVersion "1"]
[SourceVersionDate "2017.10.13"]
[SourceQuality "1"]
[WhiteTeam "Niederwiesa (W)"]
[BlackTeam "Wadgassen/Differten (W)"]
[WhiteTeamCountry "GER"]
[BlackTeamCountry "GER"]

1. d4 d6 2. Nf3 Nf6 3. c4 Nbd7 4. Nc3 e5 5. e4 c6 6. Be2 Be7 7. 0-0 0-0 8. b3 Re8 9. dxe5 dxe5 10. Bb2 Qc7 11. Qc2 Nc5 12. h3 Ne6 13. Nd1 Bd6 14. Nh2 Nd4 15. Qd3 Bc5 16. Nc3 Nxe2+ 17. Qxe2 Re6 18. Rad1 Nd7 19. a3 Rg6 20. b4 Be7 21. Ng4 Nf8 22. Kh2 Ne6 23. g3 Nd4 24. Qd3 h5 25. Nxe5 Qxe5 26. Qxd4 Qe6 27. Ne2 Qxh3+ 28. Kg1 Qg4 29. Qe3 h4 30. Qf4 Qxe2 31. Rd2 Qxc4 32. Rfd1 Bg4 33. f3 Bg5 34. Qc7 Bxd2 35. Rxd2 Bxf3 36. Rd8+ Rxd8 37. Qxd8+ Kh7 38. Qxh4+ Rh6 0-1

[Event "BL2 Sued 1617 (Women)"]
[Site "Germany"]
[Date "2016.10.23"]
[Round "2.1"]
[White "Klotz, Sonja"]
[Black "Dietzen, Corinna"]
[Result "1/2-1/2"]
[WhiteElo "2017"]
[BlackElo "1982"]
[PlyCount "139"]
[EventDate "2016.10.22"]
[EventType "team-tourn"]
[EventRounds "7"]
[EventCountry "GER"]
[SourceTitle "EXT 2018"]
[Source "ChessBase"]
[SourceDate "2017.10.13"]
[SourceVersion "1"]
[SourceVersionDate "2017.10.13"]
[SourceQuality "1"]
[WhiteTeam "Stuttgart Wolfbusch (W)"]
[BlackTeam "Wadgassen/Differten (W)"]
[WhiteTeamCountry "GER"]
[BlackTeamCountry "GER"]

1. e4 d6 2. d4 Nf6 3. Nc3 Nbd7 4. f4 e5 5. Nf3 exd4 6. Qxd4 Nc5 7. Be3 Be7 8. 0-0-0 0-0 9. h3 b6 10. e5 Nh5 11. Bf2 Bb7 12. Qe3 Bxf3 13. Qxf3 Nxf4 14. Kb1 Ng6 15. exd6 Bxd6 16. Nb5 Ne5 17. Qe3 Qf6 18. Nxd6 cxd6 19. Bg3 Rfe8 20. Bb5 Ned3 21. Qxe8+ Rxe8 22. Bxd3 Nxd3 23. Rxd3 Rd8 24. Rhd1 d5 25. a3 h6 26. Ka2 b5 27. Be1 Qc6 28. Bc3 a5 29. Rd4 b4 30. axb4 axb4 31. Rxb4 Ra8+ 32. Kb1 Qa6 33. b3 Qa2+ 34. Kc1 Rc8 35. Ra4 Qxa4 36. bxa4 Rxc3 37. Kb2 Rc5 38. Kb3 Kf8 39. Ra1 Ke7 40. a5 Rc8 41. a6 Kd6 42. a7 Ra8 43. Kb4 Kc6 44. Ra6+ Kb7 45. Kb5 d4 46. Ra4 Rxa7 47. Rxa7+ Kxa7 48. Kc4 Kb7 49. Kxd4 Kc6 50. c3 Kd6 51. c4 h5 52. h4 Kc6 53. Ke5 Kc5 54. Kf5 Kxc4 55. Kg5 Kd5 56. Kxh5 Ke5 57. Kg5 Ke4 58. Kg4 Ke3 59. h5 Kf2 60. g3 Kg2 61. Kf4 Kh3 62. Kf3 Kh2 63. g4 f6 64. Kf4 Kh3 65. Kf5 Kh4 66. Kf4 Kh3 67. g5 fxg5+ 68. Kxg5 Kg3 69. Kg6 Kg4 70. Kxg7 1/2-1/2

[Event "BL2 Sued 1516 (Women)"]
[Site "Germany"]
[Date "2016.02.28"]
[Round "7.1"]
[White "Roessler, Ulrike"]
[Black "Dietzen, Corinna"]
[Result "1-0"]
[WhiteElo "2112"]
[BlackElo "1968"]
[PlyCount "35"]
[EventDate "2015.09.26"]
[EventType "team-tourn"]
[EventRounds "7"]
[EventCountry "GER"]
[SourceTitle "EXT 2017"]
[Source "ChessBase"]
[SourceDate "2016.10.25"]
[SourceVersion "1"]
[SourceVersionDate "2016.10.25"]
[SourceQuality "1"]
[WhiteTeam "Hofheim (W)"]
[BlackTeam "Wadgassen/Differten (W)"]
[WhiteTeamCountry "GER"]
[BlackTeamCountry "GER"]

1. f4 d5 2. Nf3 e6 3. e3 Bd6 4. b3 Ne7 5. Bb2 0-0 6. Bd3 Nf5 7. g4 Nh4 8. g5 Nf5 9. Nc3 c5 10. Bxf5 exf5 11. Nxd5 Nc6 12. Qe2 Be6 13. Nf6+ Kh8 14. Qg2 Be7 15. Qh3 Bxf6 16. gxf6 g6 17. Qh6 Rg8 18. Ng5 1-0

[Event "Hessenliga 1516"]
[Site "Germany"]
[Date "2015.09.27"]
[Round "1.8"]
[White "Dietzen, Corinna"]
[Black "Voellinger, Florian"]
[Result "0-1"]
[WhiteElo "1968"]
[BlackElo "1803"]
[PlyCount "84"]
[EventDate "2015.09.27"]
[EventType "team-tourn"]
[EventRounds "9"]
[EventCountry "GER"]
[SourceTitle "EXT 2018"]
[Source "ChessBase"]
[SourceDate "2017.10.13"]
[SourceVersion "1"]
[SourceVersionDate "2017.10.13"]
[SourceQuality "1"]
[WhiteTeam "Frankfurt TV"]
[BlackTeam "Dettingen"]
[WhiteTeamCountry "GER"]
[BlackTeamCountry "GER"]

1. e4 d5 2. exd5 Nf6 3. c4 c6 4. dxc6 Nxc6 5. Nf3 e5 6. d3 Bf5 7. Be2 Be7 8. 0-0 0-0 9. Nc3 Qd7 10. Nh4 Be6 11. Qe1 Nb4 12. Qd2 Rfd8 13. Rd1 Ng4 14. Nf3 Nc6 15. h3 Nf6 16. Qe3 Qc8 17. Nxe5 Nd4 18. Rb1 Nf5 19. Qd2 Qc5 20. Ng4 Bxc4 21. Nxf6+ Bxf6 22. Ne4 Qe7 23. b3 Bd5 24. Nxf6+ Qxf6 25. Qg5 Qxg5 26. Bxg5 Nd4 27. Bg4 f6 28. Be3 f5 29. Bh5 Bc6 30. Rd2 g6 31. Bd1 Rd5 32. Rc1 Rad8 33. b4 Kg7 34. a4 a6 35. Rc3 Ne6 36. Bf3 R5d6 37. Bxc6 bxc6 38. Bb6 R8d7 39. Kf1 Nf4 40. d4 Nd5 41. Bc5 Nxc3 42. Bxd6 Rxd6 0-1

[Event "BL2 Sued 1415 (Women)"]
[Site "Germany"]
[Date "2015.03.28"]
[Round "6.1"]
[White "Jussupow, Nadejda"]
[Black "Dietzen, Corinna"]
[Result "1-0"]
[WhiteElo "2147"]
[BlackElo "1976"]
[PlyCount "141"]
[EventDate "2014.09.27"]
[EventType "team-tourn"]
[EventRounds "7"]
[EventCountry "GER"]
[SourceTitle "CBM 166 Extra"]
[Source "ChessBase"]
[SourceDate "2015.06.18"]
[SourceVersion "1"]
[SourceVersionDate "2015.06.18"]
[SourceQuality "1"]
[WhiteTeam "Augsburg (W)"]
[BlackTeam "Wadgassen/Differten (W)"]
[WhiteTeamCountry "GER"]
[BlackTeamCountry "GER"]

1. e4 c5 2. Nf3 e6 3. d4 cxd4 4. Nxd4 a6 5. Nc3 Qc7 6. Qf3 Nf6 7. Qg3 Qxg3 8. hxg3 Bc5 9. Nb3 Ba7 10. Be2 Nc6 11. Bf4 Nb4 12. 0-0-0 Bxf2 13. a3 Nc6 14. e5 Ng8 15. Ne4 Bb6 16. Nd6+ Ke7 17. Rdf1 f6 18. Bh5 fxe5 19. Nf7 exf4 20. Nxh8 Nf6 21. gxf4 d5 22. Rf3 Bd7 23. Rg3 Nxh5 24. Rxh5 Rxh8 25. Rxg7+ Kd6 26. Kd2 h6 27. c3 Rf8 28. g3 Rf6 29. Rh7 Rg6 30. Rh3 Bf2 31. R3xh6 Rxh6 32. Rxh6 Bxg3 33. Ke3 Ne7 34. Nd4 Kc7 35. Kf3 e5 36. Ne6+ Bxe6 37. Rxe6 Kd7 38. Rxe5 Bh4 39. Kg4 Bf6 40. Rh5 Ke6 41. f5+ Ke5 42. Rh1 Ke4 43. Re1+ Kd3 44. Re6 Ng8 45. Rb6 d4 46. cxd4 Kxd4 47. Kh5 Ke5 48. Kg6 Ne7+ 49. Kf7 Nd5 50. Rxb7 Kxf5 51. b4 Bd4 52. Rb8 Ke5 53. Re8+ Kd6 54. Re6+ Kc7 55. Rxa6 Bb6 56. Ra8 Kb7 57. Rg8 Nc3 58. Ke6 Ka6 59. Rg5 Be3 60. Rg3 Bd4 61. Rd3 Bg7 62. Rd7 Bh6 63. Ke5 Bc1 64. Rd8 Kb5 65. Kd4 Na4 66. Rb8+ Ka6 67. Ra8+ Kb5 68. Ra5+ Kb6 69. Rxa4 Kb5 70. Ra5+ Kb6 71. Kc4 1-0

[Event "BL2 Sued 1415 (Women)"]
[Site "Germany"]
[Date "2014.09.27"]
[Round "1.1"]
[White "Dietzen, Corinna"]
[Black "Worek, Joanna"]
[Result "1-0"]
[WhiteElo "1976"]
[BlackElo "2275"]
[PlyCount "51"]
[EventDate "2014.09.27"]
[EventType "team-tourn"]
[EventRounds "7"]
[EventCountry "GER"]
[SourceTitle "CBM 166 Extra"]
[Source "ChessBase"]
[SourceDate "2015.06.18"]
[SourceVersion "1"]
[SourceVersionDate "2015.06.18"]
[SourceQuality "1"]
[WhiteTeam "Wadgassen/Differten (W)"]
[BlackTeam "Mainz Schott (W)"]
[WhiteTeamCountry "GER"]
[BlackTeamCountry "GER"]

1. e4 c5 2. c3 Nf6 3. e5 Nd5 4. d4 cxd4 5. cxd4 d6 6. Nf3 Nc6 7. Bc4 e6 8. 0-0 Be7 9. exd6 Qxd6 10. Nc3 0-0 11. Ne4 Qd8 12. Re1 b6 13. a3 Bb7 14. Qd3 h6 15. b4 Rc8 16. Bb2 a5 17. b5 Nb8 18. Rac1 Nd7 19. Ba2 Rxc1 20. Rxc1 Qa8 21. Bb1 N7f6 22. Nxf6+ Nxf6 23. d5 Rd8 24. Bxf6 Bxf6 25. Qh7+ Kf8 26. Rc7 1-0

[Event "BL2 Sued 1314 (Women)"]
[Site "Germany"]
[Date "2014.02.16"]
[Round "5.1"]
[White "Dietzen, Corinna"]
[Black "Schmidt, Jessica"]
[Result "0-1"]
[WhiteElo "2008"]
[BlackElo "2276"]
[PlyCount "90"]
[EventDate "2013.11.30"]
[EventType "team-tourn"]
[EventRounds "7"]
[EventCountry "GER"]
[SourceTitle "EXT 2018"]
[Source "ChessBase"]
[SourceDate "2017.10.13"]
[SourceVersion "1"]
[SourceVersionDate "2017.10.13"]
[SourceQuality "1"]
[WhiteTeam "Wadgassen/Differten (W)"]
[BlackTeam "Karlsruhe (W)"]
[WhiteTeamCountry "GER"]
[BlackTeamCountry "GER"]

1. e4 e5 2. Nf3 Nc6 3. d4 exd4 4. Nxd4 d6 5. Bb5 Bd7 6. 0-0 Nf6 7. c4 Be7 8. Nc3 0-0 9. Ba4 Nxd4 10. Bxd7 Nxd7 11. Qxd4 Bf6 12. Qd2 Re8 13. f3 Be5 14. Rb1 Re6 15. Nd5 c6 16. Ne3 Bf4 17. Qf2 Ne5 18. Nf5 Bxc1 19. Rbxc1 g6 20. Nd4 Re7 21. Rc3 d5 22. exd5 cxd5 23. c5 Qd7 24. Qh4 Nc6 25. Rd1 Rae8 26. a3 a6 27. b3 Re5 28. Rcd3 Nxd4 29. Rxd4 Qf5 30. f4 Re2 31. Rxd5 Qc2 32. Qg3 Kg7 33. R5d3 Qxc5+ 34. Kh1 Qxa3 35. f5 Qe7 36. h3 Re1+ 37. Rxe1 Qxe1+ 38. Kh2 Qxg3+ 39. Kxg3 gxf5 40. Kf4 Kf6 41. Rd6+ Re6 42. Rd5 Re4+ 43. Kf3 Ke6 44. Rd8 Rb4 45. Rd3 Ke5 0-1

[Event "BL2 Sued 1213 (Women)"]
[Site "Germany"]
[Date "2013.03.09"]
[Round "6.1"]
[White "Dietzen, Corinna"]
[Black "Birkholz, Olga"]
[Result "0-1"]
[WhiteElo "2030"]
[BlackElo "2091"]
[PlyCount "122"]
[EventDate "2012.10.06"]
[EventType "team-tourn"]
[EventRounds "7"]
[EventCountry "GER"]
[SourceTitle "EXT 2018"]
[Source "ChessBase"]
[SourceDate "2017.10.13"]
[SourceVersion "1"]
[SourceVersionDate "2017.10.13"]
[SourceQuality "1"]
[WhiteTeam "Wadgassen/Differten (W)"]
[BlackTeam "Augsburg SG (W)"]
[WhiteTeamCountry "GER"]
[BlackTeamCountry "GER"]

1. c4 d6 2. Nc3 g6 3. g3 Bg7 4. Bg2 Nc6 5. Nf3 Bg4 6. d3 Qc8 7. Bd2 a5 8. Rb1 Nf6 9. 0-0 Bh3 10. Qc1 h5 11. Bxh3 Qxh3 12. Ng5 Qd7 13. h4 Nd4 14. Kg2 Nf5 15. Nf3 c5 16. e4 Nd4 17. Nxd4 cxd4 18. Nb5 Ng4 19. a4 0-0 20. Qc2 f5 21. exf5 Rxf5 22. f3 Qc6 23. Rbe1 Be5 24. Re4 Raf8 25. Qd1 Qc5 26. Bf4 Nf6 27. Bxe5 dxe5 28. Re2 Ng4 29. Na3 Ne3+ 30. Rxe3 dxe3 31. Nc2 Qb6 32. Qc1 e2 33. Rf2 R5f7 34. Ne1 Qc6 35. Qe3 e4 36. dxe4 Qxc4 37. b3 Qb4 38. Rxe2 Rc8 39. Nc2 Qc3 40. Nd4 e5 41. Nb5 Qxe3 42. Rxe3 Rc2+ 43. Kf1 Rd7 44. Nc3 Rdd2 45. Ne2 Rb2 46. Ke1 Rd6 47. f4 Rb6 48. Nc1 exf4 49. gxf4 Rh2 50. e5 Rxh4 51. Ne2 Kf7 52. Kf2 Rb4 53. e6+ Ke8 54. Kg3 Rh1 55. e7 Rb1 56. Kh4 R1xb3 57. Re6 Rxa4 58. Kg5 Rab4 59. Kf6 Rb6 60. Nd4 Rxe6+ 61. Nxe6 Rb6 0-1

[Event "BL2 Sued 1112 (Women)"]
[Site "Germany"]
[Date "2011.11.26"]
[Round "3.1"]
[White "Dietzen, Corinna"]
[Black "Horvath, Maria"]
[Result "1/2-1/2"]
[WhiteElo "2031"]
[BlackElo "2019"]
[PlyCount "58"]
[EventDate "2011.10.29"]
[EventType "team-tourn"]
[EventRounds "7"]
[EventCountry "GER"]
[SourceTitle "EXT 2013"]
[Source "ChessBase"]
[SourceDate "2012.11.22"]
[SourceVersion "1"]
[SourceVersionDate "2012.11.22"]
[SourceQuality "1"]
[WhiteTeam "Differten (W)"]
[BlackTeam "Augsburg (W)"]
[WhiteTeamCountry "GER"]
[BlackTeamCountry "GER"]

1. e4 e6 2. d4 d5 3. Nd2 Nf6 4. e5 Nfd7 5. Bd3 c5 6. c3 Nc6 7. Ne2 cxd4 8. cxd4 Qb6 9. Nf3 f6 10. exf6 Nxf6 11. 0-0 Bd6 12. Re1 0-0 13. Ng3 Qc7 14. Be3 Bd7 15. Rc1 Rae8 16. Ne5 Qd8 17. Nh5 Bxe5 18. dxe5 Nxe5 19. Nxf6+ gxf6 20. Bxh7+ Kxh7 21. Qh5+ Kg8 22. Bh6 Rf7 23. Rxe5 Rh7 24. Re3 Kh8 25. Rg3 Rg8 26. Rcc3 Qe8 27. Rxg8+ Qxg8 28. Rg3 Qf7 29. Rg6 Bc6 1/2-1/2

[Event "BL2 Sued 1112 (Women)"]
[Site "Germany"]
[Date "2011.10.30"]
[Round "2.1"]
[White "Dirmeier, Carolin"]
[Black "Dietzen, Corinna"]
[Result "1-0"]
[WhiteElo "2055"]
[BlackElo "2031"]
[PlyCount "47"]
[EventDate "2011.10.29"]
[EventType "team-tourn"]
[EventRounds "7"]
[EventCountry "GER"]
[SourceTitle "EXT 2013"]
[Source "ChessBase"]
[SourceDate "2012.11.22"]
[SourceVersion "1"]
[SourceVersionDate "2012.11.22"]
[SourceQuality "1"]
[WhiteTeam "Bayern Muenchen (W)"]
[BlackTeam "Differten (W)"]
[WhiteTeamCountry "GER"]
[BlackTeamCountry "GER"]

1. e4 d6 2. d4 Nf6 3. Nc3 Nbd7 4. Nf3 e5 5. Bc4 Be7 6. Bxf7+ Kxf7 7. Ng5+ Kg8 8. Ne6 Qe8 9. Nxc7 Qg6 10. Nxa8 Qxg2 11. Rf1 exd4 12. Ne2 Ne5 13. Nxd4 Bh3 14. Qe2 Qxh2 15. Be3 Bxf1 16. Qxf1 Kf7 17. Nc7 Rc8 18. Nd5 Nxe4 19. Nxe7 Kxe7 20. 0-0-0 Kf8 21. Qb5 b6 22. Qd5 Nf6 23. Qxd6+ Kf7 24. Qe6+ 1-0

[Event "BL2 Sued 0910 (Women)"]
[Site "Germany"]
[Date "2009.11.08"]
[Round "2.2"]
[White "Dietzen, Corinna"]
[Black "Barpiyeva, Gulsana"]
[Result "0-1"]
[WhiteElo "1980"]
[BlackElo "2126"]
[PlyCount "50"]
[EventDate "2009.11.07"]
[EventType "team-tourn"]
[EventRounds "7"]
[EventCountry "GER"]
[SourceTitle "CBM 133 Extra"]
[Source "ChessBase"]
[SourceDate "2010.01.05"]
[SourceVersion "1"]
[SourceVersionDate "2010.01.05"]
[SourceQuality "1"]
[WhiteTeam "Differten (W)"]
[BlackTeam "Augsburg (W)"]
[WhiteTeamCountry "GER"]
[BlackTeamCountry "GER"]

1. e4 c5 2. c3 Nf6 3. e5 Nd5 4. d4 d6 5. Nf3 e6 6. Bg5 Be7 7. Bxe7 Qxe7 8. Be2 Nc6 9. 0-0 0-0 10. dxc5 dxe5 11. b4 e4 12. Nd4 e5 13. Nxc6 bxc6 14. Bc4 Nf4 15. Qe1 Bf5 16. Nd2 Qg5 17. g3 Qg6 18. f3 exf3 19. Nxf3 Nh3+ 20. Kg2 Qg4 21. Qe3 Qxc4 22. Nxe5 Qd5+ 23. Nf3 Rae8 24. Qd4 Re2+ 25. Kh1 Be4 0-1

[Event "BL2 West 0708 (Women)"]
[Site "Germany"]
[Date "2008.03.15"]
[Round "6.2"]
[White "Dietzen, Corinna"]
[Black "Freitag, Julia"]
[Result "1/2-1/2"]
[WhiteElo "2002"]
[BlackElo "2195"]
[PlyCount "162"]
[EventDate "2007.11.10"]
[EventType "team-tourn"]
[EventRounds "7"]
[EventCountry "GER"]
[SourceTitle "EXT 2009"]
[Source "ChessBase"]
[SourceDate "2008.11.26"]
[SourceVersion "1"]
[SourceVersionDate "2008.11.26"]
[SourceQuality "1"]
[WhiteTeam "Wadgassen/Differten (W)"]
[BlackTeam "Steinfurt (W)"]
[WhiteTeamCountry "GER"]
[BlackTeamCountry "GER"]

1. e4 e6 2. d4 d5 3. Nd2 dxe4 4. Nxe4 b6 5. c3 Bb7 6. Qc2 Be7 7. f3 Nf6 8. Bd3 h6 9. Ne2 Nc6 10. 0-0 Qd7 11. Be3 Nd5 12. Bf2 0-0-0 13. b4 Rdf8 14. a4 f5 15. Nd2 g5 16. a5 Kb8 17. Qa4 Ba8 18. Nc4 Bf6 19. Ra3 Rh7 20. b5 Nd8 21. axb6 cxb6 22. Bg3+ f4 23. Bxh7 Qxh7 24. Bf2 g4 25. fxg4 Rf7 26. Ra2 Rg7 27. Nxf4 Nxc3 28. Qa3 Nxa2 29. Qxa2 Rxg4 30. Qd2 Qg7 31. Be3 h5 32. Ne5 Rg5 33. Nf3 Rxb5 34. Qe2 Rf5 35. Rc1 h4 36. Qc4 Bb7 37. Nxe6 Qd7 38. Bf4+ Rxf4 39. Nxf4 Bxf3 40. gxf3 Bxd4+ 41. Kh1 Be3 42. Ra1 Nc6 43. Nd5 Bd4 44. Rd1 Qf5 45. Rf1 Qd7 46. Nf4 Kb7 47. Ng6 h3 48. Nf4 Qf5 49. Ne6 Qg6 50. Qe2 Be5 51. f4 Qxe6 52. fxe5 Nxe5 53. Qe4+ Qc6 54. Qxc6+ Kxc6 55. Rf6+ Kd5 56. Rh6 Nd3 57. Kg1 Nf4 58. Rh4 Ke5 59. Rh7 a5 60. Kf2 a4 61. Ke3 Nd5+ 62. Kd2 b5 63. Rxh3 b4 64. Kc2 Nf4 65. Rh8 b3+ 66. Kb2 Nd3+ 67. Kc3 Nc5 68. Rh5+ Kd6 69. Rh6+ Kd5 70. Kb2 Kc4 71. Rb6 Nd3+ 72. Ka3 Kc3 73. h4 Nf4 74. Rb5 Kc4 75. Kxa4 Nd3 76. Rxb3 Nc5+ 77. Ka3 Nxb3 78. h5 Nd4 79. h6 Nb5+ 80. Ka2 Nd6 81. h7 Nf7 1/2-1/2

[Event "GER-chT U20 Girls"]
[Site "Stuttgart"]
[Date "2007.12.29"]
[Round "6.1"]
[White "Dietzen, Corinna"]
[Black "Lorenz, Nicole"]
[Result "1/2-1/2"]
[WhiteElo "1918"]
[BlackElo "1729"]
[PlyCount "103"]
[EventDate "2007.12.27"]
[EventType "team-swiss"]
[EventRounds "7"]
[EventCountry "GER"]
[SourceTitle "EXT 2009"]
[Source "ChessBase"]
[SourceDate "2008.11.26"]
[SourceVersion "1"]
[SourceVersionDate "2008.11.26"]
[SourceQuality "1"]
[WhiteTeam "Wadgassen/Differten U20 Girls"]
[BlackTeam "Dresden Gruen Weiss U20 Girls"]
[WhiteTeamCountry "GER"]
[BlackTeamCountry "GER"]

1. e4 c5 2. c3 d5 3. exd5 Qxd5 4. d4 Nc6 5. Nf3 Bg4 6. Be2 e6 7. 0-0 Nf6 8. Be3 cxd4 9. cxd4 Bb4 10. a3 Ba5 11. b4 Bb6 12. Nc3 Qd8 13. Rc1 0-0 14. Na4 Nd5 15. Nc5 Bxc5 16. Rxc5 Qd6 17. h3 Bh5 18. Qc2 Bg6 19. Qb2 b6 20. Rc4 Rac8 21. Rfc1 Nxe3 22. fxe3 Ne7 23. Rxc8 Rxc8 24. Rxc8+ Nxc8 25. Qc3 Ne7 26. Ne5 Be4 27. Bd3 Bxd3 28. Nxd3 f6 29. Kf2 h6 30. Nf4 Kh7 31. Qc4 Nd5 32. Nxd5 exd5 33. Qc2+ Kg8 34. Qc8+ Qf8 35. Qc6 Qf7 36. a4 f5 37. g3 Kh7 38. a5 bxa5 39. bxa5 Qh5 40. Qxd5 Qxh3 41. Qg2 Qxg2+ 42. Kxg2 Kg6 43. Kf3 Kf6 44. e4 fxe4+ 45. Kxe4 h5 46. a6 g5 47. d5 h4 48. gxh4 gxh4 49. Kf4 h3 50. Kg3 Ke5 51. Kxh3 Kxd5 52. Kg2 1/2-1/2